00955 2200337 4500001002100000005001500021035002000036007000300056040001600059100002600075245003700101250001300138300003700151041000800188082001000196084001600206090002000222264003200242336002100274337003000295338002300325650001700348850001000365008004100375020001800416700004800434700004300482700004600525990002200571990002400593INLIS00000000000454320260525110950 a0010-0122000175ta aSPBUPDbind0 aPaul HannaePengarang1 ayou can do it :bAnda Pasti Bisa a.-Cet. 5 a176 hal. :billus. ;c15 x 23 cm aind a153.8 a153.8 PAU Y a153.8 PAU Y 2-2 a.--Jakarta :bEsensi,c2009 2rdacontentaTeks 2rdamediaaTanpa Perantara 2rdacarrieravolume 4akunci sukses aPUPAD260525 0  a979-781-601-x aeditor k-1 , Deborah P. HutaurukePengarang aeditor k-2 , Daniel P.PurbaePengarang aeditor k-3 , Margaretha H.EddyePengarang a671/BR/ARPUS/2008 a14096/BR/ARPUS/2008